Score 0/41 Timer 04:00
4 Plays Today
Hint 4-Letter Word % Correct
◉ NOT UP ◉◉ DOWN ◉
95.5%
What a Scottish man may wearKILT
93.7%
Chicken, beef, e.e.gMEAT
93.6%
◉ SLAUGHTER ◉◉ KILL ◉
93.4%
◉ BIRTHDAY GIFT ACCOMPANIER ◉◉ CARD ◉
92.3%
◉ BREAKFAST, e.g. ◉◉ MEAL ◉
91.5%
Castle surrounderMOAT
91.3%
Sea lion kinSEAL
90.5%
Earth has a north and south onePOLE
90.3%
Slab of material at the foot of a windowSILL
90.1%
Earth's natural satelliteMOON
90%
VendSELL
88.6%
Material carried and deposited by a riverSILT
88.6%
Green citrus fruitLIME
88%
IdenticalSAME
87.4%
Type of fishCARP
87.4%
◉ NOT ALL ◉◉ SOME ◉
85.8%
Not able to walkLAME
85.4%
UnimportantMOOT
85.1%
Tell of dangerWARN
85.1%
Elevator in the UKLIFT
85%
Hint 4-Letter Word % Correct
Place to store grainSILO
83.7%
◉ DAMAGED DUE TO USE ◉◉ WORN ◉
83%
◉ CEREAL OR BOARDGAME ◉◉ LIFE ◉
82.3%
Like a planted seedSOWN
81.8%
ImpendingSOON
81.2%
◉ FASTER THAN LIGHT SPEED ◉◉ WARP ◉
80.6%
AloneSOLO
79.8%
Dryer trap contentsLINT
79.7%
Strengthen musclesTONE
79.6%
Star Trek's Worf actor MichaelDORN
79.2%
Large bookTOME
78.5%
Adjust to the correct pitchTUNE
76.8%
◉ A LONG NARROW BAND ◉◉ LINE ◉
68.3%
One-third of a tridentTINE
61.5%
CornbreadPONE
61.2%
Type of tieBOLO
60%
Trunk of a treeBOLE
58.7%
◉ AREA OR REGION ◉◉ ZONE ◉
55.8%
Microsoft's alternative to the iPodZUNE
55.5%
◉ COMMON BOND ◉◉ TIME ◉
42.8%

Today's Daily Dose

Remove Ads.
Support Sporcle.
Get the best of Sporcle when you Go Orange. This ad-free experience offers more features, more stats, and more fun while also helping to support Sporcle. Thank you for becoming a member.

You're not logged in!

Compare scores with friends on all Sporcle quizzes.
OR
Log In

Show Comments

Extras

Top Quizzes Today


Score Distribution

Your Account Isn't Verified!

In order to create a playlist on Sporcle, you need to verify the email address you used during registration. Go to your Sporcle Settings to finish the process.

Report this User

Report this user for behavior that violates our Community Guidelines.

Details: